What colleges did these NBA players go to? (#1) - Statistics

General Stats
  • This quiz has been taken 44 times
  • The average score is 9 of 15
Answer Stats
Hint Answer % Correct
Michael Jordan North Carolina
100%
Kevin Durant Texas
98%
Shaquille O'Neal LSU
93%
Kareem Abdul-Jabbar UCLA
89%
Magic Johnson Michigan State
80%
Tim Duncan Wake Forest
80%
Larry Bird Indiana State
75%
Allen Iverson Georgetown
73%
David Robinson Navy
73%
James Harden Arizona State
70%
Vince Carter North Carolina
64%
Kevin McHale Minnesota
16%
Jeff Ruland Iona
9%
Manute Bol Bridgeport
7%
Popeye Jones Murray State
7%
No matching quizzes found
Score Distribution
Percent of People with Each Score
Percentile by Number Answered
Your Score History
You have not taken this quiz